00610nam a2200169 i 450000100060000000300090000600500170001500700030003200800410003510000330007624500610010926000480017030000470021885200340026599900170029995201240031646924ES-MaACL20230906161454.0t|030402s1945 ag ||||1| spa d1 aConstantineau, Albet.94024910aTratado de la doctrina de facto / cAlbet Constantineau. aBuenos Aires : bDepalma, c1945 (fAlamos) a2 v., 1 lám. : b1 retr. aut. ; c24 cm. aES-MaACLjF-5675-76 bR.22733 c46924d46924 00104070aATENEOMbATENEOMcDEPO2d2008-01-17eSCl0oF-5675-76p1049350r2023-02-23 00:00:00w2023-02-23yMONOGRAFIA